000 00705cam a2200265 i 4500
001 768714001
003 CO-MdFUSB
005 20240604145337.0
007 ta
008 240601t1950 -us||||| |||| 00| 0 spa d
040 _cCO-MdFUSB
041 0 _aspa
082 0 4 _224
_a234
_bC1861p
100 1 _aCamp, Norman H.
_eautor
245 1 0 _aPensando con Dios
_c/ Norman H. Camp ; Traducido por Alejandro Clifford
264 1 _aEstados Unidos :
_bMoody Press,
_c[1950]
264 4 _c©1950
300 _a127 Pag
336 _atexto
_btxt
_2rdacontent
337 _2rdamedia
_asin mediación
_bn
338 _2rdacarrier
_avolumen
_bnc
653 _aVida cristiana
942 _cBK
945 _aEstudiante
999 _c34739
_d34739